Polémica sobre marxismo y humanismo
Tallennettuna:
| Päätekijät: | , , , |
|---|---|
| Aineistotyyppi: | Kirja |
| Kieli: | espanja |
| Julkaistu: |
Ciudad de México
Siglo Veintiuno
1971
|
| Painos: | 2a. ed |
| Sarja: | Colección Mínima, 13
|
| Aiheet: | |
| Tagit: |
Lisää tagi
Ei tageja, Lisää ensimmäinen tagi!
|
MARC
| LEADER | 00000cam a2200000 a 4500 | ||
|---|---|---|---|
| 001 | UCP8879 | ||
| 003 | CL-VaPUC | ||
| 008 | 000317e19710000MX |||||||||||||||||spa|d | ||
| 082 | 0 | 4 | |a 335.411 |b ALT |2 21 |
| 100 | 0 | |a Althusser, Louis |e author |9 344300 | |
| 600 | 0 | |a Marx, Karl Heinrich, |d 1818-1883 |9 861123 | |
| 700 | 0 | |a Semprún, Jorge |e author |9 439127 | |
| 700 | 0 | |a Simon, Michel |e author |9 439128 | |
| 700 | 0 | |a Verret, Michel |e author |9 439129 | |
| 245 | 1 | 0 | |a Polémica sobre marxismo y humanismo |
| 250 | |a 2a. ed | ||
| 300 | |a 199 p | ||
| 942 | |c BK | ||
| 945 | |d 20000317 00:00:00 |a lriquelm | ||
| 260 | |a Ciudad de México |b Siglo Veintiuno |c 1971 | ||
| 650 | 7 | |a MARXISMO |2 CL-VaPUC |9 439130 | |
| 650 | 0 | |a Humanismo |9 256530 | |
| 583 | |a last modification |c 20131021 06:56:45 |k Rodrigo Vera | ||
| 490 | 0 | |a Colección Mínima, 13 | |
| 999 | |c 285742 |d 285740 | ||
| 952 | |0 0 |1 0 |4 0 |6 335_411000000000000_ALT_1971 |7 0 |8 A |9 330512 |a BIBHIS |b BIBHIS |d 2019-11-20 |i 1387146 |o 335.411 ALT 1971 |p 1387146 |r 2025-01-20 |w 2019-11-20 |y BK |k HIS | ||
| 952 | |0 0 |1 0 |3 erb |4 0 |6 335_411000000000000_ALT_1971 |7 0 |8 P |9 330513 |a BIBEDU |b BIBEDU |c BIBEDU_PB |d 2019-11-20 |i 5007410 |o 335.411 ALT 1971 |p 5007410 |r 2024-01-25 |w 2019-11-20 |y BK |z Catalogado en:20131025 |k FIL | ||